000 00725nam a2200133Ia 4500
008 100328s9999 xx 000 0 und d
082 _b67354
100 _aमुखेडकर अरुणकुमार जी.
245 _aमहाराष्ट्र जिल्हा परिषद व पंचायत समित्या आिानियम 1961.
260 _bचौारी.
630 _aमहाराष्ट्र जिल्हा परिषद व पंचायत समित्या आिानियम 1961.
730 _aमहाराष्ट्र जिल्हा परिषद व पंचायत समित्या आिानियम 1961.
942 _cBOOK
999 _c553093
_d553090